Statistics for Tweet Retreat: Bird Songs and Calls

Click here to take the quiz!

General Stats

  • This quiz has been taken 9 times
  • The average score is 11 of 34

Answer Stats

This Bird Says:It's a...% Correct
Caw-caw-cawAmerican Crow
75%
Are you awake? Me too.Great Horned Owl
75%
QuackMallard
75%
Purty purty purtyNorthern Cardinal
75%
Hey! Hey! Put on your teakettle, kettle, kettle.Song Sparrow
75%
Konk-a-reeeee!Red-Winged Blackbird
63%
Shooka shooka shookaSteller's Jay
63%
Cheerily, cheerily, cheerilyAmerican Robin
50%
Ku-ku-kuBlack-Billed Cuckoo
50%
HonkCanada Goose
50%
Wup-woo, wup-woo, wup-wooBand-Tailed Pigeon
38%
Chi-ca-go, chi-ca-goCalifornia Quail
38%
Pleased pleased pleased to meet youChestnut-Sided Warbler
38%
Kill-deaahKilldeer
38%
Teakettle teakettle teakettleCarolina Wren
25%
Downy goes downDowny Woodpecker
25%
Spring of the yearEastern Meadowlark
25%
Fee-b-b-beeEastern Phoebe
25%
MeowGray Catbird
25%
Fire! Fire! Where? Where? Here! Here!Indigo Bunting
25%
Quick, free beer!Olive-Sided Flycatcher
25%
Potato chipAmerican Goldfinch
13%
Fee-bee-eeBlack-Capped Chickadee
13%
Trees, trees, pretty little treesBrown Creeper
13%
Drop it, drop it, cover-it-upBrown Thrasher
13%
Cheer, cheerful, charmerEastern Bluebird
13%
Wicka, wicka, wickaNorthern Flicker
13%
Teacher teacher teacherOvenbird
13%
Where are you? Here I am! I am here!Red-Eyed Vireo
13%
Peter peter peterTufted Titmouse
13%
Yank yankWhite-Breasted Nuthatch
13%
Cooo-leeeCommon Loon
0%
Wichity-wichity-wichityCommon Yellowthroat
0%
Drink your teaEastern Towhee
0%

Score Distribution

Percentile by Number Answered

Percent of People with Each Score

Your Score History

You have not taken this quiz